000 00295nam a2200133Ia 4500
008 260604s9999 xx 000 0 und d
020 _a9789387340251
082 _a808.3 SHR
100 _aShree Book Centre
_935315
245 0 _aJadui Bartan
260 _bSHREE
500 _aJadui
942 _cBK
999 _c8196
_d8196